Statistiques concernant Focus sur: Hobson Gamegie - Tolkien

Cliquez ici pour prendre le quiz!

Statistiques générales

  • Ce quiz a été pris 3 fois
  • Le résultat moyen est 6 sur 14

Statistiques - réponses

Informations recherchéesRéponses% Correct
ContréeComté
100%
EspèceHobbit
100%
PèreHob Gammidge
100%
Première apparitionLe Seigneur des Anneaux: La Communauté de l'Anneau
100%
Age durant lequel il vécutTroisième
100%
Autre traduction du nomGamgie
67%
Hamfast Gamegie
33%
FilleMay Gamegie
33%
Ansaget Cordier
0%
VilleChamptoron
0%
ProfessionCordier
0%
FilsHalfred Gamegie
0%
SurnomLe {Cordier}
0%
MèrePrune
0%

Distribution des résultats

Percentile par nombre de réponses

% des personnes avec chaque résultat

Votre développement - résultats

Vous n’avez pas pris ce quiz